Agroindustria rural, acción colectiva y SIALES: ¿desarrollo o lucha contra la pobreza? /

El desarrollo y reforzamiento de los sistemas agroalimentarios localizados, conjuntos de pequeñas unidades de agroindustria rural, pueden considerarse como un medio importante de reducción de la pobreza en las regiones rurales de América Latina. Sin embargo, la validez de tal propuesta tiene que ser...

詳細記述

保存先:
書誌詳細
第一著者: Requier - Desjardins, Denis
フォーマット: テキスト
主題:
タグ: タグ追加
タグなし, このレコードへの初めてのタグを付けませんか!

MARC

LEADER 00000 a a2200000 04500
001 12644
003
040
100 |a Requier - Desjardins, Denis  
245 |a Agroindustria rural, acción colectiva y SIALES:   |b ¿desarrollo o lucha contra la pobreza? /  |c Denis Requier - Desjardins 
520 |a El desarrollo y reforzamiento de los sistemas agroalimentarios localizados, conjuntos de pequeñas unidades de agroindustria rural, pueden considerarse como un medio importante de reducción de la pobreza en las regiones rurales de América Latina. Sin embargo, la validez de tal propuesta tiene que ser valorada, teniendo en cuenta los siguientes elementos: 1) la dinámica de los SIALES (Sistemas Agroalimentarios Localizados) radica en procesos de activación de recursos específicos, que son productos de la acción colectiva, 2) forman parte de cadenas con una gobernabilidad caracterizada por el dominio de actores de debajo de la cadena, tal como las grandes distribuidoras y 3) La pobreza no se define únicamente por la falta de recursos monetarios, sino también por la falta de capacidades. Al final el desarrollo de los SIALES no constituye de por sí una garantía de reducción de las desigualdades, pero refuerza las capacidades y además es un tipo de cambio estructural, de los que se suelen asociar a la noción de desarrollo  
650 |a AGROINDUSTRIA  
650 |a MEDIO RURAL  
773 |g volumen 9 (1 -2), número 17; páginas 13-24  
999 |c 28370  |d 28370